000 00879nam a2200253 i 4500
001 000016327
003 DO-SdBNP
005 20250722142859.0
007 ta
008 100303s1981 dr abc 000 0 spa d
040 _aDO-SdBNP
_bspa
_cBNPHU
_erda
082 4 _a352.147293
_bC961
_222
245 0 0 _a487 aniversario día de los ayuntamientos.
246 0 2 _aCuatrocientos ochenta y siete aniversario día de los ayuntamientos
264 1 _aPuerto Plata, República Dominicana :
_bLiga Municipal Dominicana,
_c1981.
300 _a37 páginas :
_bilustraciones, mapas, retratos ;
_c22 cm.
336 _atexto
_btxt
_2rdacontent
337 _asin mediación
_bn
_2rdamedia
338 _avolumen
_bnc
_2rdacarrier
650 0 _aGobierno municipal
_zRepública Dominicana
_917207
650 4 _aEdificios municipales
_xHistoria
_936433
650 4 _aDiscursos
_96584
942 _2ddc
_cLF2
999 _c15862
_d15862